| 000 | 01930nam a2200349 i 4500 | ||
|---|---|---|---|
| 001 | 768714001 | ||
| 003 | CO-MdFUSB | ||
| 005 | 20210922125519.0 | ||
| 007 | ta | ||
| 008 | 200616t2011 ck |||| |||| 00| 0 spa d | ||
| 020 | _a9789584534019 | ||
| 040 |
_aCO-MdFUSB _bspa _cCO-MdFUSB _dCO-MdFUSBC _erda |
||
| 041 | _aspa | ||
| 082 |
_223 _a155.332 _bN135 |
||
| 100 |
_aNader, Lucía _eautor |
||
| 245 | 1 |
_aTodos los hombres son iguales _b: ellos cuentan todo lo que usted quiere saber, se imaginó y nunca pudo comprobar _c/ Lucía Nader |
|
| 250 | _aPrimero edición | ||
| 264 | 1 |
_aBogotá, Colombia : _bNorma, _c[2011] |
|
| 264 | 4 | _c©2011 | |
| 300 |
_a360 páginas _c; 23 cm |
||
| 336 |
_2rdacontent _atexto _btxt |
||
| 337 |
_2rdamedia _asin mediación _bn |
||
| 338 |
_2rdacarrier _avolumen _bnc |
||
| 505 | _aAgradecimientos -- ¡Todos los hombre son iguales! -- Don Juan y ¿que? -- El agresor -- Subyugado -- El pequeño infierno del dormitorio -- Variable y algo más -- El sindrome de Peter Pan -- El eterno insatisfecho -- La nube gris -- El despreciable miembro de la sociedad del codo -- Más que un cornudo -- Soy hombre, soy bueno, soy macho -- De parte de mí | ||
| 520 | _aEstas historia no son de nadie en particular. Están escritas para ser leídas por hombres y mujeres como usted, motivados, estimulados o deseosos de encontrar verdades sin tapujos. sin hipocresías. Algunas de estas historias los espantarán, otras los harán sentirse enojados, econgojados o identificados. Después de leer este libro, de seguro muchas dirán "todos son iguales" y muchos afirmarán "no es verdad todo lo que aquí se dice sobre nosotros". Es el momento de adentrarnos en el mundo en los hombres, para recorrer ese universo de contrastes y de múltiples experiencias. | ||
| 563 | _aRústico | ||
| 650 | 7 |
_972 _aPsicología social |
|
| 653 | _aMasculinidad | ||
| 653 | _aHombres | ||
| 942 | _cBK | ||
| 945 | _aDani | ||
| 999 |
_c66129 _d66129 |
||